Estimating peak runoff rates from ungaged small rural watersheds (Record no. 547493)

000 -LEADER
fixed length control field 00972cam a2200229 4500
020 ## - INTERNATIONAL STANDARD BOOK NUMBER
International Standard Book Number 0309020212
082 00 - DEWEY DECIMAL CLASSIFICATION NUMBER
Classification number 625.734
Author Mark BOC
245 00 - TITLE STATEMENT
Title Estimating peak runoff rates from ungaged small rural watersheds
Statement of responsibility, etc. [by] P. Bock [and others.
260 ## - PUBLICATION, DISTRIBUTION, ETC.
Place of publication, distribution, etc. Washington]
Name of publisher, distributor, etc. Highway Research Board, National Research Council,
Date of publication, distribution, etc. 1972.
300 ## - PHYSICAL DESCRIPTION
Extent 85 p.
Other physical details illus.
Dimensions 28 cm.
490 1# - SERIES STATEMENT
Series statement National Cooperative Highway Research Program. Report ;
500 ## - GENERAL NOTE
General note "Project 15-4 FY '68."
500 ## - GENERAL NOTE
General note "Research sponsored by the American Association of State Highway Officials in cooperation with the Federal Highway Administration."
526 ## - STUDY PROGRAM INFORMATION NOTE
Program name 0
Interest level 0
Reading level 0
Title point value 625_734000000000000_BOC
650 #0 - SUBJECT ADDED ENTRY--TOPICAL TERM
Topical term or geographic name entry element Culverts
General subdivision Design and construction.
9 (RLIN) 43679
650 #0 - SUBJECT ADDED ENTRY--TOPICAL TERM
Topical term or geographic name entry element Flood forecasting
Geographic subdivision United States.
9 (RLIN) 43680
650 #0 - SUBJECT ADDED ENTRY--TOPICAL TERM
Topical term or geographic name entry element MCE
9 (RLIN) 379
650 #0 - SUBJECT ADDED ENTRY--TOPICAL TERM
Topical term or geographic name entry element Runoff
General subdivision Mathematical models.
9 (RLIN) 43681
650 #0 - SUBJECT ADDED ENTRY--TOPICAL TERM
Topical term or geographic name entry element Runoff
Geographic subdivision United States
General subdivision Mathematical models.
9 (RLIN) 43682
700 1# - ADDED ENTRY--PERSONAL NAME
Personal name Bock, Paul,
9 (RLIN) 43683
942 ## - ADDED ENTRY ELEMENTS (KOHA)
Source of classification or shelving scheme
Koha item type Book
Holdings
Withdrawn status Lost status Source of classification or shelving scheme Damaged status Not for loan Permanent Location Current Location Date acquired Total Checkouts Full call number Barcode Date last seen Price effective from Koha item type
          Military College of Engineering (MCE) Military College of Engineering (MCE) 07/18/2014   625.734 BOC MCE-43332 07/18/2014 03/14/2021 Book
© 2023 Central Library, National University of Sciences and Technology. All Rights Reserved.